Loading...

International finanace

Bibliographic Details
Main Author: Levi, Maurice D
Format: Printed Book
Published: Routledge Taylor and Francis Group, London 2009
Edition:4 Edition
Subjects:
LEADER 00498nam a2200157 4500
082 |a R 332.042 LEV-I4 
100 |a Levi, Maurice D 
245 |a International finanace  |c Levi, Maurice D 
250 |a 4 Edition 
260 |a Routledge Taylor and Francis Group, London  |c 2009 
300 |a 585 p 
490
650 |a International Finance 
942 |c BK 
999 |c 127473  |d 127473 
952 |0 0  |1 0  |4 0  |6 R_332_042000000000000_LEVI4  |7 0  |9 140935  |a COM  |b COM  |l 0  |o R 332.042 LEV-I4  |p COM04270  |r 2019-10-24  |w 2019-10-24  |y BK